[Event "Krakow op-A 35th"]
[Site "Krakow"]
[Date "2025.01.02"]
[Round "7"]
[White "Meier, Lukas"]
[Black "Kaliszuk, Kamil"]
[Result "0-1"]
[WhiteElo "2180"]
[BlackElo "2128"]
[PlyCount "66"]
[EventDate "2024.12.27"]
[EventType "swiss"]
[EventRounds "9"]
[EventCountry "POL"]
[SourceTitle "CB02_2025"]
[SourceDate "2025.01.08"]
[SourceVersion "1"]
[SourceVersionDate "2025.01.08"]
[SourceQuality "1"]

1. e4 e5 2. Nf3 Nc6 3. Bc4 Nf6 4. d3 Bc5 5. c3 a6 6. 0-0 d6 7. Bb3 Ba7 8. Re1 h6 9. Nbd2 0-0 10. Nf1 Re8 11. h3 Be6 12. N3h2 d5 13. Qf3 Qd6 14. Ng3 Rad8 15. Bc2 Nh7 16. Ng4 Ne7 17. d4 Bxg4 18. hxg4 exd4 19. e5 Qc5 20. Nh5 Ng6 21. e6 Qf8 22. cxd4 Bxd4 23. Qd3 Bb6 24. Nf4 Ng5 25. exf7+ Qxf7 26. Rxe8+ Qxe8 27. Nxg6 Qe1+ 28. Kh2 Ne4 29. Ne7+ Kh8 30. Qf3 Bxf2 31. Bxh6 Qxa1 32. Bc1 Qxc1 33. Qh3+ Qh6 0-1

[Event "Krakow op-A 35th"]
[Site "Krakow"]
[Date "2024.12.29"]
[Round "3"]
[White "Novotny, Michal"]
[Black "Kaliszuk, Kamil"]
[Result "1-0"]
[WhiteElo "2219"]
[BlackElo "2128"]
[PlyCount "106"]
[EventDate "2024.12.27"]
[EventType "swiss"]
[EventRounds "9"]
[EventCountry "POL"]
[SourceTitle "CB02_2025"]
[SourceDate "2025.01.08"]
[SourceVersion "1"]
[SourceVersionDate "2025.01.08"]
[SourceQuality "1"]

1. e4 e5 2. Nf3 Nc6 3. Nc3 Nf6 4. Bb5 Nd4 5. 0-0 Nxb5 6. Nxb5 d6 7. d4 exd4 8. Qxd4 Be7 9. e5 dxe5 10. Qxe5 0-0 11. Bf4 Bd6 12. Nxd6 Qxd6 13. Qxd6 cxd6 14. Bxd6 Re8 15. Rfe1 Bg4 16. Rxe8+ Rxe8 17. Kf1 a6 18. Rd1 Ne4 19. Bc7 Ng5 20. Re1 Rxe1+ 21. Nxe1 Bd7 22. Ke2 Kf8 23. Ke3 Ke7 24. Nd3 f6 25. Bb6 Ne6 26. c4 Bc6 27. f3 g5 28. Nb4 Bd7 29. Nd5+ Kf7 30. g4 Nf4 31. Nxf4 gxf4+ 32. Kxf4 Ke6 33. Bd4 Bc6 34. Kg3 Ba4 35. f4 f5 36. h3 Bc6 37. Kh4 Bg2 38. Be5 Bf1 39. c5 Bg2 40. b4 Bf1 41. a4 Kf7 42. gxf5 h6 43. f6 Kg6 44. f5+ Kf7 45. Kg4 Bd3 46. Kh5 Bxf5 47. h4 Bd7 48. a5 Bf5 49. Kxh6 Bd3 50. Kg5 Be2 51. h5 Bd3 52. h6 Ke6 53. b5 Kd5 1-0

[Event "POL-chT 1st League"]
[Site "Darlowo"]
[Date "2024.09.21"]
[Round "8.33"]
[White "Antoniewski, Rafal"]
[Black "Kaliszuk, Kamil"]
[Result "1-0"]
[WhiteElo "2450"]
[BlackElo "2123"]
[PlyCount "67"]
[EventDate "2024.09.14"]
[EventType "team-swiss"]
[EventRounds "9"]
[EventCountry "POL"]
[SourceTitle "EXT 2025"]
[Source "ChessBase"]
[SourceDate "2024.10.14"]
[SourceVersion "1"]
[SourceVersionDate "2024.10.14"]
[SourceQuality "1"]

1. e4 e5 2. Nf3 Nc6 3. Bb5 a6 4. Ba4 Nf6 5. 0-0 Be7 6. d3 b5 7. Bb3 d6 8. Bd2 0-0 9. h3 Bb7 10. Re1 Nb8 11. a3 c5 12. c4 Nc6 13. Nc3 Qb6 14. Ba2 bxc4 15. Bxc4 a5 16. Bg5 Nd4 17. Rb1 Rab8 18. Nd2 Qd8 19. Nf1 Nd7 20. Be3 Nb6 21. Ba2 Kh8 22. Ng3 Bc6 23. b4 axb4 24. axb4 cxb4 25. Rxb4 d5 26. Rb1 dxe4 27. dxe4 Bg5 28. Qh5 Bxe3 29. fxe3 Nc2 30. Red1 Qe7 31. Nf5 Qc5 32. Qg5 Rg8 33. Bxf7 Qxc3 34. Rxb6 1-0

[Event "POL-chT 1st League"]
[Site "Darlowo"]
[Date "2024.09.19"]
[Round "6.33"]
[White "Kaliszuk, Kamil"]
[Black "Chylewski, Patryk"]
[Result "0-1"]
[WhiteElo "2123"]
[BlackElo "2304"]
[PlyCount "52"]
[EventDate "2024.09.14"]
[EventType "team-swiss"]
[EventRounds "9"]
[EventCountry "POL"]
[SourceTitle "EXT 2025"]
[Source "ChessBase"]
[SourceDate "2024.10.14"]
[SourceVersion "1"]
[SourceVersionDate "2024.10.14"]
[SourceQuality "1"]

1. d4 d5 2. c4 e6 3. Nc3 Bb4 4. Nf3 Nf6 5. Qa4+ Nc6 6. Bd2 0-0 7. e3 a6 8. Qc2 Re8 9. a3 Bd6 10. h3 h6 11. Rd1 dxc4 12. Bxc4 e5 13. dxe5 Nxe5 14. Be2 Qe7 15. Nxe5 Qxe5 16. Bd3 b5 17. Kf1 Bb7 18. Re1 c5 19. Kg1 Rad8 20. Ne2 c4 21. Bf5 Qd5 22. f3 Bc5 23. Bc3 Rxe3 24. Kh2 Bd6+ 25. Kg1 Rxf3 26. Be4 Bc5+ 0-1

[Event "POL-chT 1st League"]
[Site "Darlowo"]
[Date "2024.09.17"]
[Round "4.3"]
[White "Kaliszuk, Kamil"]
[Black "Golenia, Jan"]
[Result "1/2-1/2"]
[WhiteElo "2123"]
[BlackElo "2182"]
[PlyCount "130"]
[EventDate "2024.09.14"]
[EventType "team-swiss"]
[EventRounds "9"]
[EventCountry "POL"]
[SourceTitle "EXT 2025"]
[Source "ChessBase"]
[SourceDate "2024.10.14"]
[SourceVersion "1"]
[SourceVersionDate "2024.10.14"]
[SourceQuality "1"]

1. e4 e5 2. Nf3 Nc6 3. d4 Nxd4 4. Nxd4 exd4 5. Qxd4 Ne7 6. Bc4 Nc6 7. Qd5 Qf6 8. 0-0 d6 9. Bb5 Bd7 10. Nc3 Be7 11. Be3 a6 12. Be2 Be6 13. Qd2 g5 14. Nd5 Bxd5 15. exd5 Ne5 16. Qb4 b6 17. Bxa6 0-0 18. Be2 Ng6 19. f4 Qf5 20. Qc4 gxf4 21. Bxf4 b5 22. Qd3 Qxd3 23. Bxd3 b4 24. Bd2 Rfb8 25. Bxg6 hxg6 26. c3 bxc3 27. Bxc3 Bf8 28. a3 Rb5 29. Rfd1 Bg7 30. Bxg7 Kxg7 31. Rd2 Rab8 32. b4 Ra8 33. Raa2 Ra4 34. Kf2 Rb7 35. Ke3 Rba7 36. Rdc2 Rxa3+ 37. Rxa3 Rxa3+ 38. Kd4 Ra7 39. Kc4 Rb7 40. Ra2 Kf6 41. Re2 Rb8 42. Ra2 Rb7 43. Ra8 Ke5 44. Re8+ Kf6 45. h3 Kg5 46. Re7 f5 47. Rg7 Kf6 48. Rh7 f4 49. b5 g5 50. Rd7 Ke5 51. Rf7 Ke4 52. Rh7 Ke5 53. Rg7 Kf6 54. Rd7 Ke5 55. Rh7 Kf5 56. Re7 Kf6 57. Re2 Rb8 58. Kb4 Rb7 59. Kc4 Rb8 60. Re6+ Kf5 61. Re7 Rb7 62. Rg7 Kf6 63. Rh7 Kf5 64. Re7 Kf6 65. Rh7 Ke5 1/2-1/2

[Event "Polanica Zdroj op 60th"]
[Site "Polanica Zdroj"]
[Date "2024.08.23"]
[Round "7"]
[White "Kaliszuk, Kamil"]
[Black "Stepinski, Piotr"]
[Result "1/2-1/2"]
[WhiteElo "2161"]
[BlackElo "2041"]
[PlyCount "60"]
[EventDate "2024.08.17"]
[EventType "swiss"]
[EventRounds "9"]
[EventCountry "POL"]
[SourceTitle "CBM 221 Extra"]
[Source "ChessBase"]
[SourceDate "2024.09.30"]
[SourceVersion "1"]
[SourceVersionDate "2024.09.30"]
[SourceQuality "1"]

1. d4 d6 2. e4 Nf6 3. Nc3 e5 4. Nf3 exd4 5. Nxd4 Be7 6. Bf4 0-0 7. Qd2 Nc6 8. 0-0-0 a6 9. f3 Nxd4 10. Qxd4 b5 11. g4 Be6 12. Qd2 Nd7 13. h4 Ne5 14. Qg2 Qb8 15. Nd5 Bxd5 16. exd5 b4 17. Bxe5 dxe5 18. Bd3 a5 19. Qe2 Bd6 20. Qe4 g6 21. h5 Qd8 22. hxg6 hxg6 23. f4 Qf6 24. f5 Kg7 25. Qe3 g5 26. Rh5 Be7 27. Rdh1 Rh8 28. Qh3 Rxh5 29. Qxh5 Rg8 30. Be4 Kf8 1/2-1/2

[Event "Polanica Zdroj op 60th"]
[Site "Polanica Zdroj"]
[Date "2024.08.17"]
[Round "1"]
[White "Kaliszuk, Kamil"]
[Black "Lasok, Marek"]
[Result "1/2-1/2"]
[WhiteElo "2161"]
[BlackElo "1968"]
[PlyCount "29"]
[EventDate "2024.08.17"]
[EventType "swiss"]
[EventRounds "9"]
[EventCountry "POL"]
[SourceTitle "CBM 221 Extra"]
[Source "ChessBase"]
[SourceDate "2024.09.30"]
[SourceVersion "1"]
[SourceVersionDate "2024.09.30"]
[SourceQuality "1"]

1. c4 c5 2. Nc3 Nf6 3. g3 d5 4. cxd5 Nxd5 5. Bg2 Nc7 6. d3 e5 7. Be3 Be7 8. Rc1 Ne6 9. Nf3 Nc6 10. 0-0 Bd7 11. Nd5 0-0 12. Re1 Rc8 13. a3 Ned4 14. Nxd4 Nxd4 15. Nxe7+ 1/2-1/2

[Event "Suwalki Warakomska Memorial 8th"]
[Site "Suwalki"]
[Date "2024.07.20"]
[Round "4"]
[White "Kaliszuk, Kamil"]
[Black "Rudzinska, Michalina"]
[Result "1/2-1/2"]
[WhiteElo "2140"]
[BlackElo "2250"]
[PlyCount "117"]
[EventDate "2024.07.18"]
[EventType "swiss"]
[EventRounds "9"]
[EventCountry "POL"]
[SourceTitle "EXT 2025"]
[Source "ChessBase"]
[SourceDate "2024.10.14"]
[SourceVersion "1"]
[SourceVersionDate "2024.10.14"]
[SourceQuality "1"]

1. e4 c6 2. d4 d5 3. e5 Bf5 4. h4 h5 5. c4 e6 6. Nc3 Ne7 7. Nge2 Nd7 8. Ng3 Bg6 9. Bg5 Qb6 10. Rc1 Qxb2 11. Bd3 Bxd3 12. Qxd3 dxc4 13. Qxc4 Nb6 14. Qd3 Ned5 15. 0-0 Nxc3 16. Rxc3 Qxa2 17. f4 Bb4 18. Rb3 Qd2 19. Qe4 Be7 20. Bxe7 Kxe7 21. Rd3 Qa2 22. f5 Raf8 23. Qf4 g6 24. Qg5+ Kd7 25. Ne4 Nd5 26. fxe6+ fxe6 27. Rxf8 Rxf8 28. Qxg6 Ne7 29. Nc5+ Kc8 30. Qxe6+ Qxe6 31. Nxe6 Rg8 32. Rf3 a5 33. Rf7 Ng6 34. Nc5 Nxh4 35. Nxb7 a4 36. Nd6+ Kb8 37. e6 Ng6 38. e7 Nxe7 39. Rxe7 Rd8 40. Nc4 Rxd4 41. Na5 Rd1+ 42. Kh2 Rc1 43. Re4 a3 44. Ra4 Rc3 45. Nc4 a2 46. Ne5 Rc2 47. Nxc6+ Rxc6 48. Rxa2 Rc5 49. Kh3 Kc7 50. Kh4 Kd7 51. Ra6 Ke7 52. Rh6 Kf7 53. Rxh5 Rc4+ 54. g4 Rc6 55. Rf5+ Kg7 56. Rg5+ Kh7 57. Rh5+ Kg7 58. Rg5+ Kh7 59. Rh5+ 1/2-1/2

[Event "Suwalki Warakomska Memorial 8th"]
[Site "Suwalki"]
[Date "2024.07.19"]
[Round "2"]
[White "Kaliszuk, Kamil"]
[Black "Klepek, Witold"]
[Result "1/2-1/2"]
[WhiteElo "2140"]
[BlackElo "2226"]
[PlyCount "93"]
[EventDate "2024.07.18"]
[EventType "swiss"]
[EventRounds "9"]
[EventCountry "POL"]
[SourceTitle "EXT 2025"]
[Source "ChessBase"]
[SourceDate "2024.10.14"]
[SourceVersion "1"]
[SourceVersionDate "2024.10.14"]
[SourceQuality "1"]

1. e4 c5 2. Nf3 e6 3. d4 cxd4 4. Nxd4 Nf6 5. Nc3 d6 6. g3 Nc6 7. Bg2 Bd7 8. Nb3 Be7 9. 0-0 0-0 10. f4 b5 11. a3 Qb6+ 12. Kh1 Rac8 13. Qe2 Na5 14. Be3 Qc7 15. Nxa5 Qxa5 16. g4 e5 17. f5 Rxc3 18. bxc3 Bc6 19. Bd2 Qa4 20. Rae1 Qxc2 21. Rf2 h6 22. Bf3 Nh7 23. Qd1 Qa2 24. Rfe2 Qc4 25. Qc2 Rc8 26. Be3 Ng5 27. Bxg5 Bxg5 28. Rd1 Qc5 29. Qb3 Kf8 30. Qb4 Ke7 31. Qxc5 dxc5 32. Kg1 Rb8 33. Rb2 Rb6 34. Be2 c4 35. a4 bxa4 36. Rxb6 axb6 37. Bxc4 Bxe4 38. Bb5 Be3+ 39. Kf1 Bc2 40. Rd7+ Kf6 41. Ra7 h5 42. Ke2 Bc5 43. Bxa4 Bxa4 44. Rxa4 hxg4 45. Rxg4 Bf8 46. Rc4 Bc5 47. Rg4 1/2-1/2

[Event "Krakow op-A 34th"]
[Site "Krakow"]
[Date "2023.12.31"]
[Round "5"]
[White "Wojdak, Jan"]
[Black "Kaliszuk, Kamil"]
[Result "1-0"]
[WhiteElo "2219"]
[BlackElo "2107"]
[PlyCount "81"]
[EventDate "2023.12.27"]
[EventType "swiss"]
[EventRounds "9"]
[EventCountry "POL"]
[SourceTitle "CBM 218 Extra"]
[Source "ChessBase"]
[SourceDate "2024.03.31"]
[SourceVersion "1"]
[SourceVersionDate "2024.03.31"]
[SourceQuality "1"]

1. e4 e6 2. d4 d5 3. e5 c5 4. c3 Nc6 5. Nf3 Bd7 6. Be2 Nge7 7. Na3 Ng6 8. Nc2 Be7 9. g3 0-0 10. h4 cxd4 11. cxd4 f6 12. h5 Nh8 13. h6 g6 14. exf6 Bxf6 15. Bf4 Nf7 16. Qd2 Rc8 17. Kf1 Be7 18. Kg2 Qa5 19. Qd1 Qb6 20. b3 Nd6 21. Bd3 Ne4 22. Be3 Nc3 23. Qe1 Nxa2 24. Bxg6 hxg6 25. Rxa2 Qxb3 26. Qa1 Qd3 27. Nfe1 Qf5 28. f3 Kh7 29. g4 Qf7 30. Qb1 b6 31. Qd1 e5 32. Qd2 e4 33. fxe4 dxe4 34. d5 Bxg4 35. dxc6 Qxa2 36. Qd4 Bf6 37. Qd2 Rxc6 38. Rf1 Qe6 39. Nd4 Bf3+ 40. Nexf3 Bxd4 41. Ng5+ 1-0

[Event "POL-ch Blitz U18"]
[Site "Bydgoszcz"]
[Date "2023.08.31"]
[Round "3"]
[White "Taranowicz, Michal"]
[Black "Kaliszuk, Kamil"]
[Result "0-1"]
[WhiteElo "2144"]
[BlackElo "2117"]
[PlyCount "122"]
[EventDate "2023.08.28"]
[EventType "swiss"]
[EventRounds "10"]
[EventCountry "POL"]
[SourceTitle "CBM 216 Extra"]
[Source "ChessBase"]
[SourceDate "2023.11.30"]
[SourceVersion "1"]
[SourceVersionDate "2023.11.30"]
[SourceQuality "1"]

1. e4 c5 2. Nf3 Nf6 3. Nc3 d5 4. exd5 Nxd5 5. Bc4 Nxc3 6. bxc3 Nc6 7. 0-0 e6 8. Re1 Bd6 9. d4 0-0 10. Bd3 h6 11. Qe2 cxd4 12. cxd4 Bb4 13. Rd1 Bc3 14. Rb1 Qa5 15. Rb3 Ne7 16. Ba3 Re8 17. Bxe7 Rxe7 18. Rb5 Qd8 19. Qe4 f5 20. Qe3 a6 21. Re5 Rc7 22. Rxe6 Bd7 23. Re7 Bb4 24. Re5 Bd6 25. Rd5 Qf6 26. Ne5 Re8 27. Nxd7 Qf7 28. Qf3 Rxd7 29. Rxf5 Qxa2 30. g3 Kh8 31. Qg4 Qg8 32. Rh5 Rdd8 33. Be4 Bf8 34. d5 Bd6 35. c4 b5 36. cxb5 axb5 37. Bf5 b4 38. Be6 Qh7 39. Bf5 Qg8 40. Ra1 b3 41. Kg2 Qxd5+ 42. Qf3 Qxf3+ 43. Kxf3 Be5 44. Rb1 b2 45. Kg2 Bf6 46. Bg6 Re2 47. Rb5 Bd4 48. Rf5 Kg8 49. Bf7+ Kh8 50. Bg6 Bf6 51. Rf3 Rb8 52. h4 Rd2 53. Kh3 Be7 54. Kg2 Rf8 55. Rxf8+ Bxf8 56. Kf1 Bb4 57. Re1 Kg8 58. Bf5 Kf7 59. Be4 Rd4 60. Bb1 Bxe1 61. Kxe1 Rc4 0-1

[Event "Opole AZS op 1st"]
[Site "Opole"]
[Date "2023.08.15"]
[Round "4"]
[White "Kowalski, Igor"]
[Black "Kaliszuk, Kamil"]
[Result "1-0"]
[WhiteElo "2302"]
[BlackElo "2044"]
[PlyCount "72"]
[EventDate "2023.08.15"]
[EventType "swiss (rapid)"]
[EventRounds "9"]
[EventCountry "POL"]
[SourceTitle "EXT 2024"]
[Source "ChessBase"]
[SourceDate "2023.10.10"]
[SourceVersion "1"]
[SourceVersionDate "2023.10.10"]
[SourceQuality "1"]

1. d4 d5 2. Nf3 Nf6 3. Bf4 c5 4. e3 Nc6 5. Nbd2 Qb6 6. dxc5 Qxb2 7. Rb1 Qc3 8. Bb5 Bd7 9. 0-0 e6 10. Nb3 Be7 11. Nfd4 0-0 12. a4 Ne4 13. Bd3 Nxd4 14. exd4 Bxa4 15. Be3 Bxb3 16. Rxb3 Qa5 17. Rxb7 Bf6 18. Bxe4 dxe4 19. Qg4 Rab8 20. Qxe4 Rxb7 21. Qxb7 Qc3 22. Qxa7 Bxd4 23. Bxd4 Qxd4 24. Rb1 h5 25. h3 Rc8 26. Rb8 Rxb8 27. Qxb8+ Kh7 28. c6 Qd1+ 29. Kh2 h4 30. Qf4 Qxc2 31. Qxh4+ Kg8 32. Qd8+ Kh7 33. c7 Qxf2 34. c8Q Qf4+ 35. Kg1 Qe3+ 36. Kf1 Qf4+ 1-0

[Event "Warsaw Maciei Memorial"]
[Site "Warsaw"]
[Date "2023.07.10"]
[Round "3"]
[White "Heberla, Bartlomiej"]
[Black "Kaliszuk, Kamil"]
[Result "1-0"]
[WhiteElo "2560"]
[BlackElo "2134"]
[PlyCount "137"]
[EventDate "2023.07.10"]
[EventType "swiss (blitz)"]
[EventRounds "11"]
[EventCountry "POL"]
[SourceTitle "CBM 215 Extra"]
[Source "ChessBase"]
[SourceDate "2023.09.30"]
[SourceVersion "1"]
[SourceVersionDate "2023.09.30"]
[SourceQuality "1"]

1. d4 d5 2. Nf3 Nf6 3. e3 c5 4. dxc5 Nc6 5. a3 a5 6. c4 e6 7. Nc3 dxc4 8. Qxd8+ Nxd8 9. Na4 Bd7 10. Nb6 Ra7 11. Bxc4 Bxc5 12. Nxd7 Nxd7 13. b3 Ke7 14. Bb2 f6 15. Ke2 Nc6 16. Rac1 Rc8 17. Rhd1 Raa8 18. Bb5 Bd6 19. h4 Nc5 20. Bc4 Ne5 21. Nxe5 Bxe5 22. Bxe5 fxe5 23. Rc3 Rc7 24. Bd3 h6 25. Rdc1 Rac8 26. b4 axb4 27. axb4 Na6 28. Rxc7+ Rxc7 29. Rxc7+ Nxc7 30. Bc4 Kd6 31. e4 b5 32. Bd3 Na6 33. Bxb5 Nxb4 34. Bc4 Nc6 35. Kf3 Ke7 36. Kg4 Kf6 37. Bb5 Nd4 38. Ba4 Ne2 39. Kf3 Nd4+ 40. Ke3 g5 41. hxg5+ hxg5 42. f3 Ke7 43. g3 Kd6 44. f4 gxf4+ 45. gxf4 Nc6 46. Bxc6 Kxc6 47. fxe5 Kc5 48. Kd3 Kb4 49. Kd4 Kb5 50. Kd3 Kb4 51. Kd4 Kb5 52. Kd3 Kb4 53. Ke3 Kc4 54. Kf3 Kd3 55. Kf4 Kd4 56. Kf3 Kxe5 57. Ke3 Kd6 58. Kd4 Kd7 59. e5 Ke7 60. Kc5 Kd7 61. Kb6 Kd8 62. Kc6 Ke7 63. Kc7 Ke8 64. Kd6 Kf7 65. Kd7 Kf8 66. Kxe6 Ke8 67. Kd6 Kd8 68. e6 Ke8 69. e7 1-0

[Event "Warsaw Maciei Memorial"]
[Site "Warsaw"]
[Date "2023.07.10"]
[Round "7"]
[White "Szewczak, Andrzej"]
[Black "Kaliszuk, Kamil"]
[Result "0-1"]
[WhiteElo "1641"]
[BlackElo "2134"]
[PlyCount "81"]
[EventDate "2023.07.10"]
[EventType "swiss (blitz)"]
[EventRounds "11"]
[EventCountry "POL"]
[SourceTitle "CBM 215 Extra"]
[Source "ChessBase"]
[SourceDate "2023.09.30"]
[SourceVersion "1"]
[SourceVersionDate "2023.09.30"]
[SourceQuality "1"]

1. e4 c5 2. Nf3 Nc6 3. Bb5 e6 4. 0-0 Nge7 5. c3 d5 6. exd5 Qxd5 7. Ba4 Ng6 8. d4 cxd4 9. Nxd4 Bd7 10. Nf3 Qxd1 11. Rxd1 Be7 12. Be3 0-0-0 13. Nbd2 b6 14. Bb5 Kb7 15. Ne4 Bc8 16. Neg5 Nce5 17. Nxe5 Nxe5 18. Bf4 Bxg5 19. Bxg5 f6 20. Bf4 Nc6 21. Be3 e5 22. a4 a6 23. Be2 Be6 24. Bf3 Bb3 25. Re1 Kc7 26. Ra3 Bd5 27. Be2 Kb7 28. b4 Be6 29. Rea1 Rd7 30. b5 axb5 31. axb5 Na5 32. Bf3+ Bd5 33. Bxb6 Bxf3 34. Bxa5 Be2 35. Rb1 Ra8 36. h3 Rd5 37. Rb2 Bd3 38. Bb4 Rxa3 39. Bxa3 Rxb5 40. Rxb5+ Bxb5 41. Bf8 0-1

[Event "POL-ch U18"]
[Site "Jastrzebia Gora"]
[Date "2023.??.??"]
[Round "3"]
[White "Kaliszuk, Kamil"]
[Black "Turski, Bartlomiej"]
[Result "1/2-1/2"]
[WhiteElo "2217"]
[BlackElo "2352"]
[PlyCount "44"]
[EventDate "2023.03.11"]
[EventType "swiss"]
[EventRounds "9"]
[EventCountry "POL"]
[SourceTitle "CBM 213 Extra"]
[Source "ChessBase"]
[SourceDate "2023.05.31"]
[SourceVersion "1"]
[SourceVersionDate "2023.05.31"]
[SourceQuality "1"]

1. d4 Nf6 2. c4 g6 3. Nc3 Bg7 4. e4 d6 5. Be2 0-0 6. Be3 c5 7. d5 e6 8. Nf3 Re8 9. Nd2 Na6 10. 0-0 Nc7 11. a4 Na6 12. Bf4 Nb4 13. dxe6 Rxe6 14. Bg5 h6 15. Bh4 Nc6 16. f4 Nd4 17. Bd3 Re8 18. Nd5 Be6 19. Ne3 Bd7 20. Nd5 Be6 21. Ne3 Bd7 22. Nd5 Be6 1/2-1/2